[Event "Summer Team Tournament 2020"]
[Site "Skype"]
[Date "????.??.??"]
[Round "3"]
[White "Gerbaux, Regis"]
[Black "Aroucha, Abraao"]
[Result "1-0"]
[WhiteElo "1334"]
[BlackElo "1376"]
[PlyCount "85"]

1. Nf3 Nc6 2. d4 Nf6 3. Bf4 e6 4. e3 d5 5. Bd3 Bd6 6. Bg3 Qe7 7. c3 h6 8. Nbd2
Bxg3 9. hxg3 Bd7 10. Ne5 O-O-O 11. a4 Nxe5 12. dxe5 Ng4 13. Qxg4 Qg5 14. Qd4
Bc6 15. Bb5 Bxb5 16. axb5 b6 17. Rxa7 Kd7 18. c4 Qe7 19. Qxb6 Rc8 20. Qc6+ Kd8
21. b6 Qd7 22. Qxd7+ Kxd7 23. cxd5 exd5 24. Nb3 Kc6 25. b7 Rb8 26. Nd4+ Kb6 27.
Ra4 c5 28. Nf5 Rxb7 29. Ke2 Kb5 30. b3 Re8 31. Nd6+ Kc6 32. Ra6+ Rb6 33. Rxb6+
Kxb6 34. Nxe8 Kb5 35. Nd6+ Kc6 36. Nxf7 Kd7 37. Rd1 Ke6 38. f4 Kxf7 39. Rxd5
Ke6 40. Rxc5 Kd7 41. b4 Ke6 42. Kf3 Kf5 43. e4+ 1-0

[Event "Summer Team Tournament 2020"]
[Site "Skype"]
[Date "????.??.??"]
[Round "3"]
[White "Martins, Douglas"]
[Black "Barba, Julio Cesar"]
[Result "1-0"]
[WhiteElo "1000"]
[BlackElo "1000"]
[PlyCount "67"]

1. e4 e5 2. Nf3 Nc6 3. Bc4 Bc5 4. O-O Nf6 5. d4 Bd6 6. Bb5 a6 7. Bxc6 dxc6 8.
dxe5 Bc5 9. Qxd8+ Kxd8 10. exf6 gxf6 11. e5 f5 12. Bg5+ Ke8 13. Rd1 Be6 14. Nc3
h6 15. Bf6 Rg8 16. Ne2 Rg4 17. Rd2 h5 18. Rad1 Bd5 19. b3 Be7 20. Kf1 Bxf6 21.
exf6 Rd8 22. c4 Rg6 23. cxd5 cxd5 24. Rxd5 Rxd5 25. Rxd5 Rxf6 26. Nf4 c6 27.
Rd2 Rh6 28. Ne5 f6 29. Neg6 Kf7 30. Rd7+ Ke8 31. Re7+ Kd8 32. Ne6+ Kc8 33. Ngf8
Rh8 34. Re8# 1-0

[Event "Summer Team Tournament 2020"]
[Site "Skype"]
[Date "????.??.??"]
[Round "3"]
[White "Couto, Januario"]
[Black "Thevenet, Yann"]
[Result "0-1"]
[WhiteElo "1612"]
[BlackElo "1986"]
[PlyCount "46"]

1. e4 e5 2. Nf3 Nc6 3. Bb5 a6 4. Ba4 Bc5 5. c3 f6 6. d4 Ba7 7. dxe5 Qe7 8. Bxc6
dxc6 9. O-O fxe5 10. Bg5 Nf6 11. Nbd2 Bg4 12. Nc4 h6 13. Bh4 g5 14. Bg3 Nd7 15.
h3 Bh5 16. Bh2 O-O-O 17. g4 Bf7 18. Qe2 Bxc4 19. Qxc4 h5 20. Rad1 hxg4 21. hxg4
Rdf8 22. Kg2 Qh7 23. Rh1 Qh3+ 0-1

[Event "Summer Team Tournament 2020"]
[Site "Skype"]
[Date "????.??.??"]
[Round "3"]
[White "Kruk, Clementine"]
[Black "Ortiz, Vladimir"]
[Result "0-1"]
[WhiteElo "1548"]
[BlackElo "1553"]
[PlyCount "122"]

1. e4 c5 2. d4 e6 3. Nf3 cxd4 4. c3 dxc3 5. Nxc3 Bb4 6. Bd2 Qa5 7. a3 Be7 8.
Nd5 Qd8 9. Nc3 Nc6 10. Bc4 Nf6 11. O-O a6 12. a4 h6 13. Qe2 d6 14. Rfd1 Qc7 15.
Rac1 Bd7 16. h3 O-O-O 17. Be3 Rdg8 18. Rc2 g5 19. b4 g4 20. hxg4 Rxg4 21. b5
axb5 22. axb5 Ne5 23. b6 Nxf3+ 24. Qxf3 Qxc4 25. Rdc1 Kd8 26. Nd5 Qxe4 27. Qxe4
Rxe4 28. Nf4 d5 29. Rc7 Rc4 30. Rxb7 Rxc1+ 31. Bxc1 Bc8 32. Rb8 Nd7 33. Ra8
Nxb6 34. Rb8 Nd7 35. Ra8 Bd6 36. Bb2 Rh7 37. Nh5 Be5 38. Bxe5 Nxe5 39. Nf6 Rh8
40. Kf1 Nd7 41. Nh5 Rg8 42. g3 Rg5 43. Nf4 Nf6 44. Nd3 Ne4 45. Nb4 Nxg3+ 46.
fxg3 Rxg3 47. Nc6+ Kc7 48. Ne7 Bb7 49. Rf8 Rf3+ 50. Ke2 d4 51. Nc8 Re3+ 52. Kd2
Bxc8 53. Rxf7+ Kd6 54. Rf6 h5 55. Rh6 Kd5 56. Rxh5+ e5 57. Rh8 Be6 58. Rd8+ Ke4
59. Rh8 Bg4 60. Rh4 Re2+ 61. Kc1 Kf3 0-1

[Event "Summer Team Tournament 2020"]
[Site "Skype"]
[Date "????.??.??"]
[Round "3"]
[White "Torres, Vicky"]
[Black "Duthoit, Bernard"]
[Result "1-0"]
[WhiteElo "1256"]
[BlackElo "1334"]
[PlyCount "107"]

1. e4 e6 2. d4 d5 3. Nc3 dxe4 4. Nxe4 Nf6 5. Nc3 Bb4 6. Nf3 Ne4 7. Qd3 Nxc3 8.
bxc3 Be7 9. Ne5 Bf6 10. Qe4 Nd7 11. Nxd7 Qxd7 12. Bd3 g6 13. O-O Bg7 14. Ba3 f5
15. Qf4 c6 16. Bc4 b5 17. Bb3 Qf7 18. Rfe1 Bf8 19. Bc5 Bxc5 20. dxc5 O-O 21. a4
bxa4 22. Bxa4 Bd7 23. Rab1 Rfe8 24. Rb7 Qe7 25. Qd6 Qxd6 26. cxd6 Red8 27. Rc7
Kf7 28. Bxc6 Rac8 29. Rxd7+ Rxd7 30. Bxd7 Rxc3 31. Ba4 Rc4 32. Bb3 Re4 33. Rd1
Ke8 34. c4 Re5 35. g3 Rc5 36. Kg2 a5 37. Rd4 e5 38. d7+ Kd8 39. Rd6 Rc7 40. Ba4
Rxc4 41. Bc6 a4 42. Re6 Rxc6 43. Rxc6 Kxd7 44. Ra6 Ke7 45. Rxa4 Kf6 46. Ra6+
Kg5 47. f3 h6 48. h4+ Kh5 49. Ra4 g5 50. Kh3 f4 51. g4+ Kg6 52. h5+ Kf6 53.
Ra6+ Ke7 54. Rxh6 1-0

[Event "Summer Team Tournament 2020"]
[Site "Skype"]
[Date "????.??.??"]
[Round "3"]
[White "Dhenain, Sebastien"]
[Black "Zequeda, Javier"]
[Result "1/2-1/2"]
[WhiteElo "1190"]
[BlackElo "1000"]
[PlyCount "121"]

1. e4 c5 2. c3 e6 3. Nf3 Nc6 4. d4 cxd4 5. cxd4 d6 6. Nc3 Nf6 7. e5 dxe5 8.
Nxe5 Nxd4 9. Bb5+ Nxb5 10. Qxd8+ Kxd8 11. Nxf7+ Ke7 12. Nxh8 Nd4 13. O-O g6 14.
Be3 e5 15. Bxd4 exd4 16. Rfe1+ Be6 17. Nb5 Nd5 18. Nxd4 Nc7 19. Nxe6 Nxe6 20.
Nxg6+ hxg6 21. Re2 Kf7 22. Rae1 Nf4 23. Re3 Kg8 24. g3 Nd5 25. Re8 Rxe8 26.
Rxe8 Nb4 27. Rb8 b6 28. Ra8 a5 29. Rb8 Nd5 30. a3 Kg7 31. Rd8 Nf6 32. Kg2 Bc5
33. f4 Kh6 34. h4 Be3 35. Rd6 Kg7 36. Re6 Bc5 37. b4 axb4 38. axb4 Bd4 39. g4
Nxg4 40. Re7+ Kh6 41. Rd7 Bc3 42. Rd6 Ne3+ 43. Kh3 b5 44. Rd3 Bxb4 45. Rxe3 Bd2
46. Rf3 Kh5 47. Rd3 Bxf4 48. Rd5+ Kh6 49. Rxb5 Bd2 50. Kg4 Be3 51. Re5 Bd2 52.
Re6 Kg7 53. Re7+ Kf6 54. Re4 Bc1 55. Re1 Bd2 56. Rf1+ Kg7 57. h5 gxh5+ 58. Kxh5
Bc3 59. Rf5 Bf6 60. Rf1 Bc3 61. Kg5 1/2-1/2

[Event "Summer Team Tournament 2020"]
[Site "Skype"]
[Date "????.??.??"]
[Round "3"]
[White "Segura Lozano, Marcos Antonio"]
[Black "Khunte, Aniruddha"]
[Result "1-0"]
[WhiteElo "1808"]
[BlackElo "1652"]
[PlyCount "86"]

1. b4 e5 2. Bb2 d6 3. e4 Nf6 4. Bd3 a6 5. c4 Nc6 6. a3 Be7 7. Ne2 Bg4 8. f3 Bh5
9. O-O O-O 10. Nbc3 Nd4 11. Nxd4 exd4 12. Ne2 c5 13. Kh1 Bg6 14. g4 h6 15. Nf4
Bh7 16. Qe2 Nd7 17. Qg2 Ne5 18. Be2 Bg5 19. Qg3 Bh4 20. Qg2 Bg5 21. Nd5 Bxd2
22. f4 Ng6 23. Bd1 Nh4 24. Qxd2 Bxe4+ 25. Kg1 f5 26. Bc1 fxg4 27. Bxg4 Qe8 28.
Qf2 Nf5 29. h3 Qg6 30. Kh2 Rae8 31. Bf3 Bxf3 32. Qxf3 Nh4 33. Qf2 Nf5 34. Bd2
d3 35. Rae1 Re2 36. Rxe2 dxe2 37. Qxe2 Qg3+ 38. Kh1 Qxh3+ 39. Kg1 Nh4 40. Be1
Qxa3 41. Bxh4 Qh3 42. Ne7+ Kh7 43. Qe4+ g6 1-0

[Event "Summer Team Tournament 2020"]
[Site "Skype"]
[Date "????.??.??"]
[Round "3"]
[White "Ram, Madhukesh"]
[Black "Salazar Ticeran, Antonio"]
[Result "1-0"]
[WhiteElo "1523"]
[BlackElo "1589"]
[PlyCount "41"]

1. e4 Nf6 2. e5 Nd5 3. d4 e6 4. Nf3 c5 5. c3 Nc6 6. Bc4 Nb6 7. Bb3 c4 8. Bc2
Be7 9. O-O O-O 10. Nbd2 d5 11. Re1 Bd7 12. Nf1 h6 13. Ng3 a5 14. Be3 a4 15. a3
Na5 16. Qd2 Nb3 17. Bxb3 axb3 18. Nh5 Re8 19. Bxh6 g6 20. Bg7 Na4 21. Qh6 1-0

[Event "Summer Team Tournament 2020"]
[Site "Skype"]
[Date "????.??.??"]
[Round "3"]
[White "Scata, Laura"]
[Black "Mishra, Vikash"]
[Result "0-1"]
[WhiteElo "1273"]
[BlackElo "1214"]
[PlyCount "100"]

1. d4 Nf6 2. Bf4 g6 3. Nc3 a6 4. e4 d6 5. Nf3 Bg7 6. Qd2 O-O 7. Bh6 b5 8. h4 b4
9. Ne2 Nxe4 10. Qe3 Bb7 11. h5 e6 12. hxg6 fxg6 13. Bxg7 Kxg7 14. Qh6+ Kf7 15.
Qf4+ Qf6 16. Qxf6+ Nxf6 17. Ng5+ Ke7 18. Nf4 Nbd7 19. Nfxe6 Rfc8 20. Kd2 c5 21.
Re1 cxd4 22. Nc7+ Kd8 23. Nxa8 Rxa8 24. Nxh7 Ne4+ 25. Ke2 Kc7 26. f3 Ng3+ 27.
Kd3 Nxh1 28. Be2 Ng3 29. Ng5 Re8 30. Kd2 Rxe2+ 31. Rxe2 Nxe2 32. Kxe2 Ne5 33.
Ne6+ Kd7 34. Nxd4 Ke7 35. Ke3 Nc4+ 36. Kf4 Nxb2 37. Kg5 Kf7 38. g3 Bd5 39. f4
Nc4 40. g4 Ne3 41. f5 gxf5 42. gxf5 Bxa2 43. Nc6 Nxc2 44. f6 Ke8 45. Kg6 Bd5
46. Kg7 b3 47. Ne7 Bf7 48. Nf5 Be6 49. Nxd6+ Kd7 50. f7 Bxf7 0-1

[Event "Summer Team Tournament 2020"]
[Site "Skype"]
[Date "????.??.??"]
[Round "3"]
[White "Maalik, Aakash"]
[Black "Rivalta, Paolo"]
[Result "1-0"]
[WhiteElo "1000"]
[BlackElo "1095"]
[PlyCount "141"]

1. d4 Nf6 2. Bf4 d5 3. e3 Bf5 4. Be2 e6 5. Nd2 c5 6. c3 Nc6 7. Ngf3 Be7 8. Ne5
Qb6 9. Qc1 h6 10. h3 Nxe5 11. dxe5 Ne4 12. Nb3 O-O 13. g4 Bh7 14. f3 Bh4+ 15.
Kf1 Ng3+ 16. Bxg3 Bxg3 17. f4 a5 18. a4 Qxb3 19. h4 g5 20. Bd1 Qc4+ 21. Be2 Bd3
22. Qd2 Bxe2+ 23. Qxe2 Qxe2+ 24. Kxe2 gxh4 25. Kf3 f6 26. exf6 Rxf6 27. Rad1
Rd8 28. b3 e5 29. f5 e4+ 30. Kg2 h5 31. Kh3 hxg4+ 32. Kxg4 Kg7 33. Kg5 Be5 34.
Rxh4 Bxc3 35. Rdh1 Rg8 36. Rh7+ Kf8+ 37. Kf4 c4 38. Rxb7 Rf7 39. Rb8+ Kg7 40.
Rg1+ Kf6 41. Rbxg8 Be5+ 42. Kg4 Rg7+ 43. Rxg7 Kxg7 44. bxc4 dxc4 45. Rc1 c3 46.
Rc2 Kf7 47. Kg5 Bf6+ 48. Kf4 Ke7 49. Kxe4 Kd6 50. Kd3 Kd5 51. e4+ Kc5 52. Re2
Kb4 53. Kc2 Kxa4 54. e5 Bh8 55. Kxc3 Ka3 56. f6 a4 57. Kd4 Kb3 58. Kd5 a3 59.
Ke6 a2 60. Rxa2 Kxa2 61. Kf7 Kb3 62. e6 Kc4 63. e7 Bxf6 64. Kxf6 Kd5 65. e8=Q
Kc4 66. Ke5 Kc5 67. Qc8+ Kb6 68. Kd6 Kb5 69. Qc5+ Ka6 70. Qb4 Ka7 71. Kc7 1-0

[Event "Summer Team Tournament 2020"]
[Site "Skype"]
[Date "????.??.??"]
[Round "3"]
[White "Casey, Eamonn"]
[Black "Lopez, Jose Luis"]
[Result "1/2-1/2"]
[WhiteElo "1671"]
[BlackElo "1951"]
[PlyCount "55"]

1. d4 Nf6 2. c4 g6 3. Nc3 Bg7 4. e4 d6 5. Be2 O-O 6. Be3 e5 7. dxe5 dxe5 8. Nf3
Nc6 9. O-O Bg4 10. Qxd8 Rfxd8 11. Rfd1 Bxf3 12. Bxf3 Nd4 13. Nd5 c6 14. Nxf6+
Bxf6 15. Rac1 c5 16. Kf1 Rd6 17. Rc3 Rad8 18. Rcd3 Be7 19. Bg4 h5 20. Be2 b6
21. b3 Kg7 22. g3 h4 23. f4 Nc2 24. Kf2 hxg3+ 25. hxg3 f6 26. Rxd6 Rxd6 27.
Rxd6 Bxd6 28. Bd2 1/2-1/2

[Event "Summer Team Tournament 2020"]
[Site "Skype"]
[Date "????.??.??"]
[Round "3"]
[White "Cayo, Ana Carolina"]
[Black "Mordaa, Ahmad"]
[Result "1-0"]
[WhiteElo "1410"]
[BlackElo "1571"]
[PlyCount "123"]

1. d4 Nf6 2. Nf3 g6 3. e3 Bg7 4. b3 O-O 5. Bb2 d5 6. Nbd2 c6 7. Bd3 Nbd7 8. O-O
Re8 9. Ne5 Nxe5 10. dxe5 Ng4 11. Nf3 Qc7 12. c4 dxc4 13. Bxc4 Nxe5 14. Nxe5
Bxe5 15. Bxe5 Qxe5 16. Qc2 Bf5 17. Qe2 Rad8 18. Rfd1 e6 19. f3 g5 20. Rac1 Qg7
21. e4 Bg6 22. Qe3 b5 23. Be2 f6 24. Rxc6 Rxd1+ 25. Bxd1 Qd7 26. Rc1 Rd8 27.
Be2 Qb7 28. Qc5 a6 29. Kf2 h5 30. Qc6 Qa7+ 31. Qc5 Qxc5+ 32. Rxc5 Rd2 33. a4
Ra2 34. axb5 axb5 35. Rxb5 Be8 36. Rb8 Kf7 37. b4 Rb2 38. b5 Ke7 39. g3 Bc6 40.
Rb6 Ba8 41. Ra6 Bd5 42. exd5 exd5 43. b6 d4 44. Ke1 Rb1+ 45. Kd2 Rb2+ 46. Kd3
f5 47. Ra7+ Kd6 48. Rh7 Rxb6 49. Rxh5 Kd5 50. Rxg5 Rb3+ 51. Kc2 Rc3+ 52. Kd2
Ke5 53. Bd3 Ra3 54. Rxf5+ Ke6 55. g4 Ra2+ 56. Bc2 Ra3 57. h4 Ra7 58. h5 Rh7 59.
Rg5 Rc7 60. h6 Kf6 61. Rg8 d3 62. Bxd3 1-0

[Event "Summer Team Tournament 2020"]
[Site "Skype"]
[Date "????.??.??"]
[Round "3"]
[White "Borg, Anthony"]
[Black "Nobile, Mauro"]
[Result "0-1"]
[WhiteElo "1236"]
[BlackElo "1000"]
[PlyCount "60"]

1. e4 e5 2. Bc4 Nf6 3. d3 Be7 4. Nf3 d6 5. Be3 O-O 6. Nc3 Nc6 7. Qd2 Na5 8.
O-O-O Nxc4 9. dxc4 Be6 10. Qd3 Ng4 11. Rdf1 Nxe3 12. fxe3 a6 13. h4 c6 14. h5
h6 15. a3 Qd7 16. Qe2 b5 17. cxb5 axb5 18. Kb1 Rfb8 19. Nh2 c5 20. Nd5 Kf8 21.
g4 b4 22. axb4 Bxd5 23. exd5 cxb4 24. Qf3 Bf6 25. Qe4 Qa7 26. Kc1 b3 27. c3
Qa1+ 28. Kd2 Qxb2+ 29. Kd3 Qc2+ 30. Kc4 Qxe4# 0-1

[Event "Summer Team Tournament 2020"]
[Site "Skype"]
[Date "????.??.??"]
[Round "3"]
[White "Llabres, Sergio"]
[Black "Abdulrazzaq, Mohsen"]
[Result "1-0"]
[WhiteElo "1000"]
[BlackElo "1000"]
[PlyCount "115"]

1. d4 Nf6 2. Nf3 e6 3. e3 d5 4. Nbd2 c5 5. c3 Nbd7 6. Bd3 c4 7. Bc2 Be7 8. e4
dxe4 9. Nxe4 O-O 10. O-O Nxe4 11. Bxe4 Nf6 12. Bc2 Bd6 13. h3 b5 14. a3 Bb7 15.
Qe2 Re8 16. Ne5 Qc7 17. Bf4 Rad8 18. Qe3 Nd5 19. Qg3 Nxf4 20. Qxf4 Bxe5 21.
Qxe5 Qxe5 22. dxe5 Rd5 23. Be4 Rd7 24. Bxb7 Rxb7 25. Rad1 a5 26. Rc1 b4 27.
cxb4 axb4 28. Rxc4 bxa3 29. bxa3 Reb8 30. a4 Kf8 31. a5 Rb1 32. Rxb1 Rxb1+ 33.
Kh2 Ra1 34. Rc8+ Ke7 35. Ra8 Kd7 36. Ra7+ Kc8 37. Rxf7 Rxa5 38. f4 Ra4 39. Kg3
Kd8 40. Rxg7 Rd4 41. Rxh7 Ke8 42. Kg4 Rd2 43. g3 Kf8 44. Kg5 Rd3 45. g4 Rd8 46.
Kf6 Kg8 47. Rf7 Rd4 48. Kxe6 Rd3 49. h4 Rh3 50. h5 Rh4 51. Rf6 Rxg4 52. Rg6+
Rxg6+ 53. hxg6 Kg7 54. Kf5 Kf8 55. Kf6 Kg8 56. e6 Kf8 57. e7+ Ke8 58. g7 1-0

[Event "Summer Team Tournament 2020"]
[Site "Skype"]
[Date "????.??.??"]
[Round "3"]
[White "Figueroa, Tomas"]
[Black "Bagayatkar, Madan"]
[Result "1-0"]
[WhiteElo "2093"]
[BlackElo "1443"]
[PlyCount "91"]

1. d4 d5 2. c4 Nf6 3. cxd5 Qxd5 4. Nc3 Qd8 5. Nf3 c6 6. e4 Bg4 7. Qb3 Qb6 8.
Ne5 Qxb3 9. axb3 Nbd7 10. Nxg4 Nxg4 11. Be2 Ngf6 12. Be3 e6 13. O-O Bb4 14. f3
O-O 15. Rfd1 h6 16. Kf2 Nb6 17. Na2 Be7 18. b4 Nbd7 19. b5 Rfd8 20. bxc6 bxc6
21. Rdc1 e5 22. Rxc6 exd4 23. Bf4 Nb8 24. Rc7 Bd6 25. Bxd6 Rxd6 26. Rc8+ Kh7
27. e5 Rc6 28. Bd3+ g6 29. Rxc6 Nxc6 30. exf6 Ne5 31. Ke2 Nd7 32. Nb4 Nxf6 33.
Nc6 Kg7 34. Rxa7 Rc8 35. Ne5 Rf8 36. Bc4 g5 37. Bxf7 h5 38. Bc4+ Kh6 39. Nf7+
Kg7 40. Nxg5+ Kg6 41. h4 Rb8 42. Bd3+ Kh6 43. Nf7+ Kg7 44. Nd6+ Kh6 45. Nf5+
Kg6 46. Rg7# 1-0

[Event "Summer Team Tournament 2020"]
[Site "Skype"]
[Date "????.??.??"]
[Round "3"]
[White "Navghane, Rahul"]
[Black "Marino, Giuseppe"]
[Result "1-0"]
[WhiteElo "1527"]
[BlackElo "1465"]
[PlyCount "85"]

1. e4 e5 2. c3 Nf6 3. Qc2 d6 4. d4 exd4 5. cxd4 c6 6. Nc3 Be6 7. e5 dxe5 8.
dxe5 Nd5 9. Nxd5 Qxd5 10. Bd2 Qxe5+ 11. Ne2 Nd7 12. Bc3 Qc7 13. a3 Nf6 14. Nd4
Qe5+ 15. Be2 Qc7 16. O-O Ng4 17. Bxg4 Bxg4 18. Qe4+ Be6 19. Nxe6 fxe6 20. Qxe6+
Qe7 21. Qxe7+ Kxe7 22. Rfe1+ Kf7 23. Rad1 Re8 24. Rd7+ Be7 25. Rxb7 c5 26. Rxa7
Rhf8 27. b4 cxb4 28. Bxb4 Kg8 29. Raxe7 Rd8 30. R7e3 h6 31. Bxf8 Kxf8 32. Rf3+
Kg8 33. h4 Kh7 34. g4 Rg8 35. g5 hxg5 36. hxg5 Kg6 37. Rg3 Rf8 38. Ree3 Rf5 39.
Re6+ Kh5 40. a4 Rxf2 41. Rh3+ Kg4 42. Kxf2 Kxh3 43. a5 1-0

[Event "Summer Team Tournament 2020"]
[Site "Skype"]
[Date "????.??.??"]
[Round "3"]
[White "Mantelli, Luca"]
[Black "Mhabdi, Mahesh"]
[Result "1-0"]
[WhiteElo "1388"]
[BlackElo "1296"]
[PlyCount "23"]

1. e4 e5 2. Nf3 Nc6 3. Bc4 Bc5 4. c3 Nf6 5. d3 d6 6. O-O Be6 7. Bb5 Bd7 8. h3
a6 9. Ba4 h6 10. Bc2 Qe7 11. Nbd2 O-O-O 12. Re1 1-0

[Event "Summer Team Tournament 2020"]
[Site "Skype"]
[Date "????.??.??"]
[Round "3"]
[White "Tupe, Jyoti"]
[Black "Zanotti, Damiano"]
[Result "1-0"]
[WhiteElo "1048"]
[BlackElo "1000"]
[PlyCount "67"]

1. e4 e5 2. Nf3 Nc6 3. Bc4 Be7 4. Nc3 Nf6 5. d3 h6 6. O-O O-O 7. Nd5 d6 8.
Nxe7+ Qxe7 9. Re1 Na5 10. b3 c5 11. Bd5 Nc6 12. c4 Be6 13. Bxc6 bxc6 14. Bb2
Bg4 15. h3 Bh5 16. Re3 Rfd8 17. Rc1 Bxf3 18. Qxf3 d5 19. exd5 cxd5 20. Rxe5 Qb7
21. Rce1 Qc6 22. Re7 Qd6 23. Bxf6 Qxf6 24. Qxf6 gxf6 25. R1e3 Kf8 26. Rc7 d4
27. Ree7 Kg7 28. Rxf7+ Kg6 29. Rfe7 Rdc8 30. Kf1 Rxc7 31. Rxc7 Kg5 32. g3 f5
33. Rxc5 h5 34. f4+ 1-0

[Event "Summer Team Tournament 2020"]
[Site "Skype"]
[Date "????.??.??"]
[Round "3"]
[White "Khetre, Gaurav"]
[Black "Diaz, Jose Garcia"]
[Result "0-1"]
[WhiteElo "1642"]
[BlackElo "1860"]
[PlyCount "90"]

1. d4 d5 2. Nf3 Nf6 3. g3 Bf5 4. Bg2 h6 5. O-O e6 6. c4 c6 7. Qb3 Qb6 8. Qd1
Be7 9. Nc3 O-O 10. Ne5 Nbd7 11. f4 Nxe5 12. fxe5 Ne4 13. c5 Nxc3 14. bxc3 Qa5
15. Bd2 Qc7 16. Qe1 b6 17. cxb6 axb6 18. e4 dxe4 19. Bxe4 Bxe4 20. Qxe4 c5 21.
Be3 Ra4 22. Qc2 Rfa8 23. Rfc1 Bg5 24. Kf2 Bxe3+ 25. Kxe3 cxd4+ 26. cxd4 Qd7 27.
Rd1 Ra3+ 28. Kf2 Qd5 29. Qb2 Qf3+ 30. Kg1 Rxa2 31. Rxa2 Qxd1+ 32. Kg2 Rxa2 33.
Qxa2 Qxd4 34. Qa8+ Kh7 35. Qb8 Kg6 36. Qb7 Qd5+ 37. Qxd5 exd5 38. Kf2 Kf5 39.
Ke3 Kxe5 40. Kd3 d4 41. h3 f5 42. h4 g5 43. h5 b5 44. Ke2 f4 45. gxf4+ gxf4 0-1

[Event "Summer Team Tournament 2020"]
[Site "Skype"]
[Date "????.??.??"]
[Round "3"]
[White "Rodriguez Gonzalez, Jaime Rafael"]
[Black "Bendre, Pankaj"]
[Result "1/2-1/2"]
[WhiteElo "1473"]
[BlackElo "1438"]
[PlyCount "62"]

1. e4 e6 2. d4 d5 3. e5 c5 4. Nf3 Nc6 5. Be2 Qb6 6. c3 Bd7 7. O-O Nge7 8. Qb3
Nf5 9. Qxb6 axb6 10. Be3 c4 11. Nbd2 b5 12. Rfc1 Be7 13. Nf1 O-O 14. Ng3 Nh4
15. Nxh4 Bxh4 16. Nh5 Bd8 17. f4 Ne7 18. Ng3 Ng6 19. Rf1 Nh4 20. Bg4 g6 21. Ne2
Nf5 22. Bxf5 exf5 23. b4 Be6 24. Kh1 h5 25. Ng1 Ra3 26. Rfc1 Kg7 27. Nf3 h4 28.
h3 Rh8 29. Rc2 Be7 30. Bc1 Ra4 31. Kg1 Rha8 1/2-1/2

[Event "Summer Team Tournament 2020"]
[Site "Skype"]
[Date "????.??.??"]
[Round "3"]
[White "Bankhede, Shivkumar"]
[Black "Munoz Gonzalez, Martin"]
[Result "0-1"]
[WhiteElo "1388"]
[BlackElo "1393"]
[PlyCount "60"]

1. d4 Nc6 2. c4 e5 3. e3 Nf6 4. dxe5 Nxe5 5. Nf3 Bb4+ 6. Nc3 Bxc3+ 7. bxc3 Ng6
8. h3 O-O 9. Be2 d6 10. O-O Ne4 11. Bb2 Ng5 12. Qd5 Nxf3+ 13. Bxf3 Ne5 14. Qe4
Qf6 15. Rad1 Nxf3+ 16. Qxf3 Qxf3 17. gxf3 Bxh3 18. Rfe1 Be6 19. Rd4 Rad8 20.
Red1 b6 21. a4 Rd7 22. a5 Rfd8 23. axb6 axb6 24. Ba3 c5 25. Rh4 d5 26. cxd5
Rxd5 27. Rxd5 Rxd5 28. Ra4 Rd8 29. Ra6 Rb8 30. Kf1 Bc4+ 0-1

[Event "Summer Team Tournament 2020"]
[Site "Skype"]
[Date "????.??.??"]
[Round "3"]
[White "Linares Vernet, Ana"]
[Black "Thavorath, Nirandas"]
[Result "0-1"]
[WhiteElo "1175"]
[BlackElo "1000"]
[PlyCount "48"]

1. d4 Nf6 2. Nf3 d5 3. Bg5 e6 4. e3 h6 5. Bxf6 Qxf6 6. c3 Nc6 7. Bb5 Bd7 8. O-O
a6 9. Bd3 e5 10. dxe5 Nxe5 11. Nxe5 Qxe5 12. Nd2 Bd6 13. Nf3 Qh5 14. Be2 g5 15.
g3 O-O-O 16. Qxd5 Bh3 17. Rfe1 Bxg3 18. Qb3 Bd6 19. Nd4 Bg4 20. Bxg4+ Qxg4+ 21.
Kh1 Qh3 22. f4 gxf4 23. e4 f3 24. e5 Qg2# 0-1

[Event "Summer Team Tournament 2020"]
[Site "Skype"]
[Date "????.??.??"]
[Round "3"]
[White "Altinok, Selim"]
[Black "Montenegro, Juan Carlos"]
[Result "1-0"]
[WhiteElo "1884"]
[BlackElo "1810"]
[PlyCount "67"]

1. Nf3 d5 2. d4 Nf6 3. c4 e6 4. e3 Nbd7 5. Nc3 Bb4 6. Qc2 O-O 7. Bd3 h6 8. O-O
c5 9. b3 b6 10. Bb2 Bb7 11. cxd5 exd5 12. Rac1 Rc8 13. Qe2 cxd4 14. Nxd4 Nc5
15. Bf5 Rc7 16. Ncb5 Ba6 17. a3 Nb7 18. axb4 Nd6 19. Bd3 Rxc1 20. Rxc1 Nfe4 21.
Nxd6 Bxd3 22. Qxd3 Qxd6 23. Nf5 Qxb4 24. Bxg7 Rd8 25. Bxh6 Qa3 26. Qc2 Nc5 27.
Qc3 Ne6 28. e4 d4 29. Qd2 Kh7 30. Bg7 Kg8 31. Qh6 f6 32. Bxf6 Rd7 33. Bxd4 Nxd4
34. Qg6+ 1-0

[Event "Summer Team Tournament 2020"]
[Site "Skype"]
[Date "????.??.??"]
[Round "3"]
[White "Mitrani, Alberto"]
[Black "Yardimci, Ertan"]
[Result "0-1"]
[WhiteElo "1428"]
[BlackElo "1591"]
[PlyCount "53"]

1. c4 Nf6 2. Nf3 d6 3. g3 g6 4. Bg2 Bg7 5. Nc3 Nbd7 6. O-O O-O 7. d3 c6 8. Rb1
d5 9. cxd5 Nxd5 10. Nxd5 cxd5 11. b4 Nf6 12. Be3 b6 13. Qd2 Re8 14. Rfc1 Ng4
15. Bd4 e5 16. Bb2 Rb8 17. Rc2 d4 18. Rbc1 Bh6 19. e3 Nxe3 20. fxe3 Bxe3+ 21.
Qf2 Bxf2+ 22. Kxf2 Bf5 23. Ne1 Qf6 24. Kg1 Qg5 25. Re2 Bg4 26. Nf3 Qf5 27. Re4
0-1

[Event "Summer Team Tournament 2020"]
[Site "Skype"]
[Date "????.??.??"]
[Round "3"]
[White "Gokcek, Cagri"]
[Black "Moumtaz, Abderrahim"]
[Result "1-0"]
[WhiteElo "1202"]
[BlackElo "1292"]
[PlyCount "57"]

1. e4 e5 2. Nf3 Nf6 3. Nxe5 d6 4. Nf3 Nxe4 5. Qe2 Qe7 6. d3 Nf6 7. Bg5 Qxe2+ 8.
Bxe2 Be7 9. Nc3 c6 10. O-O O-O 11. Rfe1 Be6 12. Nd4 Bd7 13. Bf3 Na6 14. Rxe7
Rad8 15. Ne4 Nxe4 16. Rxe4 f6 17. Bf4 d5 18. Re7 Nc5 19. Bd6 b6 20. a4 Bc8 21.
Bxc5 bxc5 22. Nxc6 Rd7 23. Bg4 f5 24. Bf3 d4 25. Rae1 Rxe7 26. Rxe7 a6 27. b4
cxb4 28. Nxb4 Rf7 29. Bd5 1-0

[Event "Summer Team Tournament 2020"]
[Site "Skype"]
[Date "????.??.??"]
[Round "3"]
[White "Latterra, Jeremias"]
[Black "Cengiz, Ali Ekber"]
[Result "0-1"]
[WhiteElo "1065"]
[BlackElo "1129"]
[PlyCount "46"]

1. e4 e5 2. Nf3 d6 3. Bb5+ c6 4. Ba4 Nf6 5. O-O Nxe4 6. d3 Nf6 7. c4 Be7 8.
Nbd2 Bf5 9. Nh4 Bxd3 10. Re1 Nbd7 11. b4 a6 12. Ba3 b5 13. cxb5 axb5 14. Qb3 e4
15. Nf5 bxa4 16. Nxg7+ Kf8 17. Qc3 Kxg7 18. Qxc6 d5 19. Rac1 Ne5 20. b5 Nxc6
21. bxc6 Bxa3 22. c7 Qc8 23. Rc6 Ra6 0-1

[Event "Summer Team Tournament 2020"]
[Site "Skype"]
[Date "????.??.??"]
[Round "3"]
[White "Mayor Martinez, Juan Jose"]
[Black "Ortega, Elvis"]
[Result "0-1"]
[WhiteElo "1882"]
[BlackElo "1887"]
[PlyCount "148"]

1. e4 c5 2. Nf3 d6 3. h3 Nf6 4. Nc3 a6 5. a4 e6 6. d4 cxd4 7. Nxd4 Qc7 8. Be2
Be7 9. O-O O-O 10. Be3 b6 11. Bf3 Bb7 12. Nb3 Nbd7 13. Bd4 Rac8 14. Rc1 Qb8 15.
Qe2 Qa8 16. Qe3 Bd8 17. Rcd1 e5 18. Nd5 exd4 19. Nxf6+ Bxf6 20. Nxd4 Ne5 21. c3
d5 22. exd5 Nxf3+ 23. Nxf3 Bxd5 24. Ne1 Bc4 25. Nd3 Rfd8 26. Rfe1 Bb3 27. Ra1
h6 28. Qxb6 Rxd3 29. Qxb3 Rd2 30. Rad1 Rb8 31. Qxb8+ Qxb8 32. Rxd2 Qb3 33. Re4
Kh7 34. Rb4 Qa2 35. Rd1 a5 36. Rb7 Kg6 37. Rf1 Qxa4 38. b3 Qc6 39. Rb8 Be5 40.
Rd8 Qxc3 41. Rd5 Bf6 42. Rb5 Be7 43. Rb6+ f6 44. Rb7 Bb4 45. Rd1 Qxb3 46. Rdd7
Qg8 47. g4 Qf8 48. h4 h5 49. gxh5+ Kxh5 50. Rxg7 Kxh4 51. Rh7+ Kg4 52. Rbg7+
Kf5 53. Rf7 Qd8 54. Rd7 Qb6 55. Rb7 Qd4 56. Rhd7 Qa1+ 57. Kg2 Bc3 58. Rb5+ Kg6
59. Rbb7 Bd4 60. Rg7+ Kf5 61. Rb5+ Ke6 62. Rbb7 Qa2 63. Rge7+ Kf5 64. Rb5+ Kg6
65. Kh3 Qxf2 66. Rxa5 Qf3+ 67. Kh2 Be5+ 68. Kg1 Qd1+ 69. Kg2 Qd2+ 70. Kf3 Qxa5
71. Kg2 Qc3 72. Kh1 Qe1+ 73. Kg2 Qe2+ 74. Kg1 Bd4+ 0-1

[Event "Summer Team Tournament 2020"]
[Site "Skype"]
[Date "????.??.??"]
[Round "3"]
[White "Lopez, Marco"]
[Black "Solis, Manuel"]
[Result "0-1"]
[WhiteElo "1405"]
[BlackElo "1481"]
[PlyCount "56"]

1. d4 Nf6 2. c4 e6 3. Nf3 b6 4. g3 Bb7 5. Bg2 d5 6. cxd5 Bxd5 7. O-O Bd6 8. Nc3
Bb7 9. e3 O-O 10. Qc2 Nbd7 11. e4 Nxe4 12. Nxe4 Bxe4 13. Qxe4 Nf6 14. Qc2 Rc8
15. Be3 Nd5 16. Ng5 g6 17. Rad1 c6 18. Ne4 Bb8 19. Bh6 Re8 20. Qd2 f5 21. Bg5
Qd7 22. Nf6+ Nxf6 23. Bxf6 Qf7 24. Qg5 Bd6 25. Rfe1 h6 26. Qh4 Kh7 27. Bg5 Bf8
28. Qxh6+ Bxh6 0-1